Statistics for NBA Finals Runners-Ups

Click here to take the quiz!

General Stats

  • This quiz has been taken 13 times
  • The average score is 26 of 41

Answer Stats

YearAnswer% Correct
2019Golden State Warriors
92%
2020Miami Heat
92%
2018Cleveland Cavaliers
83%
2017Cleveland Cavaliers
83%
2016Golden State Warriors
83%
2015Cleveland Cavaliers
75%
2007Cleveland Cavaliers
75%
2008Los Angeles Lakers
75%
1989Los Angeles Lakers
75%
2014Miami Heat
75%
2013San Antonio Spurs
75%
1997Utah Jazz
75%
1998Utah Jazz
75%
2010Boston Celtics
67%
2005Detroit Pistons
67%
2004Los Angeles Lakers
67%
2011Miami Heat
67%
1996Seattle SuperSonics
67%
1985Boston Celtics
58%
1987Boston Celtics
58%
2006Dallas Mavericks
58%
1988Detroit Pistons
58%
2000Indiana Pacers
58%
1991Los Angeles Lakers
58%
1984Los Angeles Lakers
58%
1994New York Knicks
58%
2012Oklahoma City Thunder
58%
2009Orlando Magic
58%
1995Orlando Magic
58%
1980Philadelphia 76ers
58%
2001Philadelphia 76ers
58%
1993Phoenix Suns
58%
1986Houston Rockets
50%
2003New Jersey Nets
50%
2002New Jersey Nets
50%
1999New York Knicks
50%
1990Portland Trail-Blazers
50%
1992Portland Trail-Blazers
50%
1981Houston Rockets
42%
1983Los Angeles Lakers
42%
1982Philadelphia 76ers
42%

Score Distribution

Percentile by Number Answered

Percent of People with Each Score

Your Score History

You have not taken this quiz